000 00740nam a2200253Ia 4500
003 OSt
005 20220918164316.0
006 a|||||r|||| 00| 0
007 ta
008 220917b |||||||| |||| 00| 0 eng d
020 _a0521417139
024 _a35,514
037 _cTextual
040 _aARTS
_cARTS
_beng
041 _2eng
_aeng
082 _aO122,1GGU,1:g, 111N3
100 _aHuot Sylvia
_918224
245 0 _aRomance of the rose and its medieval readers
_b interpretation, reception manuscript transmission
260 _aCambridge
_bCUP
_c1993
300 _axvi,494p.
_ccm.
650 _aENGLISH LITERATURE
942 _hO122,1GGU,1:g, 111N3
_cTEXL
_2CC
999 _c124159
_d124159